Normal view
MARC view
Entry Nome pessoal
001 - NÚMERO DE CONTROLE
- campo de controle: 1020
003 - IDENTIFICADOR DO NÚMERO DE CONTROLE
- campo de controle: Br
005 - DATA E HORÁRIO DA ÚLTIMA TRANSAÇÃO
- campo de controle: 20250902131049.0
008 - CAMPO DE DADOS FIXOS
- campo de controle de tamanho fixo: 100100|| acnnnaab| aaaa d
035 ## - NÚMERO DE CONTROLE DO SISTEMA
- Número de Controle do Sistema: 100100314052122210
040 ## - FONTE DA CATALOGAÇÃO
- Instituição da catalogação original: Br
- Instituição que transcreveu o registro: Br
100 1# - CABEÇALHO--NOME PESSOAL
- Nome pessoal: Eid, Celia.
- Função do autor por extenso: Ilustradora
670 ## - FONTE POSITIVA DOS DADOS
- Citação da fonte positiva dos dados: Il. de: Abramivich, Fanny. Que raio de professora... 1990.
675 ## - FONTE NEGATIVA DOS DADOS
- Citação da fonte positiva dos dados: Bibl. de il.
- Citação da fonte positiva dos dados: Bib. de lit. inf. língua port., 76/79, 83/85, 85 sup.